Migaš v NR SR

Bibliographic Details
Main Author: (PA) (Author)
Format: Article
Language:Slovak
ISSN:1335-4051
Subjects:

MARC

LEADER 00000nab a2200000 a 4500
001 vtls000720887
003 SK-MaSNL
005 20260304015610.0
008 180207c2000 xo 0 slo
015 |a SNBRB2000/05-12976 
035 |a CLN000073054 
040 |a SNKBUCL  |b slo  |c SNKBUCL  |e AACR2 
041 0 |a slo 
044 |a xo  |c SK 
080 |a 328.1(437.6)  |2 UDC-MRF-SK2 
100 0 |a (PA)  |4 aut  |9 890855 
245 1 0 |a Migaš v NR SR  |c [autor] (PA) 
610 1 7 |a Slovensko.  |b Národná rada  |2 snkbucl  |9 165573 
610 7 |a Slovensko  |b Vláda  |y 2000  |2 snkbucl  |9 18371 
655 7 |a články z novín a časopisov  |2 snkbucl  |9 267496 
773 0 |x 1335-4051  |t Pravda  |g Roč. 10, č. 90 (17.4.2000), s. 2 
850 |a Slovenská národná knižnica v Martine 
852 |a SNK  |b KIS3GCP 
958 |a RBX 
999 |c 2592539  |d 2594469